Internal excitations of stored triatomic hydrogen molecular ions

Saved in:
Bibliographic Details
Main Author: Kreckel, Holger (Author)
Format: Book/Monograph Thesis
Language:English
Published: 2003
Subjects:
Online Access: Get full text
Author Notes:presented by Holger Kreckel

MARC

LEADER 00000cam a22000002c 4500
001 1176216201
003 DE-627
005 20240503194820.0
007 tu
008 030730s2003 xx ||||| m 00| ||eng c
035 |a (DE-627)1176216201 
035 |a (DE-576)106216201 
035 |a (DE-599)BSZ106216201 
035 |a (OCoLC)76634742 
040 |a DE-627  |b ger  |c DE-627  |e rakwb 
041 |a eng 
084 |a 29  |2 sdnb 
100 1 |a Kreckel, Holger  |0 (DE-588)1108123716  |0 (DE-627)863743099  |0 (DE-576)475361733  |4 aut 
245 1 0 |a Internal excitations of stored triatomic hydrogen molecular ions  |c presented by Holger Kreckel 
264 1 |c 2003 
300 |a 194 S.  |b Ill., graph. Darst. 
336 |a Text  |b txt  |2 rdacontent 
337 |a ohne Hilfsmittel zu benutzen  |b n  |2 rdamedia 
338 |a Band  |b nc  |2 rdacarrier 
500 |a Zsfassung in dt. u. engl. Sprache 
502 |a Heidelberg, Univ., Diss., 2003 
583 1 |a Archivierung prüfen  |c 20200919  |f DE-640  |z 2  |2 pdager 
583 1 |a Archivierung/Langzeitarchivierung gewährleistet  |f DISS  |x XA-DE-BW  |2 pdager  |5 DE-16 
655 7 |a Hochschulschrift  |0 (DE-588)4113937-9  |0 (DE-627)105825778  |0 (DE-576)209480580  |2 gnd-content 
751 |a Heidelberg  |0 (DE-588)4023996-2  |0 (DE-627)106300814  |0 (DE-576)208952578  |4 uvp 
776 0 8 |i Erscheint auch als  |n Online-Ausgabe  |a Kreckel, Holger  |t Internal excitations of stored triatomic hydrogen molecular ions  |d 2003  |h Online-Ressource (194 S.)  |w (DE-627)1643481185  |w (DE-576)106339419 
951 |a BO 
992 |a 20201125 
993 |a Thesis 
998 |g 1108123716  |a Kreckel, Holger  |m 1108123716:Kreckel, Holger  |d 130000  |d 130001  |e 130000PK1108123716  |e 130001PK1108123716  |k 0/130000/  |k 1/130000/130001/  |p 1  |x j  |y j 
999 |a KXP-PPN1176216201  |e 3812123495 
BIB |a Y 
JSO |a {"physDesc":[{"noteIll":"Ill., graph. Darst.","extent":"194 S."}],"origin":[{"dateIssuedDisp":"2003","dateIssuedKey":"2003"}],"id":{"eki":["1176216201"]},"name":{"displayForm":["presented by Holger Kreckel"]},"type":{"bibl":"thesis"},"note":["Zsfassung in dt. u. engl. Sprache"],"recId":"1176216201","language":["eng"],"title":[{"title_sort":"Internal excitations of stored triatomic hydrogen molecular ions","title":"Internal excitations of stored triatomic hydrogen molecular ions"}],"person":[{"role":"aut","display":"Kreckel, Holger","given":"Holger","family":"Kreckel"}],"noteThesis":["Heidelberg, Univ., Diss., 2003"]} 
SRT |a KRECKELHOLINTERNALEX2003